DC Comics Heroes - Statistics

General Stats
  • This quiz has been taken 165 times
  • The average score is 25 of 30
Answer Stats
Powers First Appearance Name Heroes % Correct
none Detective Comics #27 Bruce Wayne Batman
100%
none Batman,1987 Damian Wayne Robin
99%
Strength, Flight, Freeze Breath, more Action Comics #1 Clark Kent Superman
98%
none Detective Comics #359 Barbara Gordon Batgirl
95%
Super Speed Flash Comics #1 Barry Allen Flash
95%
Strength, Reflexas, Agility All Star Comics #8 Diana Prince Wonder Woman
95%
Strength, Flight, Freeze Breath, more Action Comics #252 Kara Danvers Supergirl
94%
none More Fun Comics #73 Oliver Queen Green Arrow
93%
none Detective Comics #38 Dick Grayson Nightwing
93%
Strength, Flight, Telekinesis The Adventures of Superman #500 Conner Kent Superboy
93%
Strength, Telepathy with animals, Breathe Underwater More Fun Comics #73 Arthur Curry Aquaman
92%
Strength, Stamina, Flight Dc Comics Presents #26 Victor Stone Cyborg
90%
Gravity, Heat, Light, and Powerful Blast of Concussive Force, Creation Showcase #22 Hal Jordan Green Lantern
89%
none Batman #357 Jason Todd Red Hood
89%
Sonic Screech Flash Comics #86 Diana Lance Black Canary
86%
Strength, Flight, Regeneration, Shapeshifting, Invisibility, Telekinesis, Heat Vision Detective Comics #225 John Jones Martian Manhunter
85%
Flight, Reincarnation Flash Comics #1 Shiera Hall Hawkgirl
84%
Super Speed The Flash #110 Wally West Kid Flash
84%
Strength, The Power of Zues, Stamina Whiz Comics #2 Billy Battson Shazam
84%
Flight, Reincarnation Flash Comics #1 Katar Hol Hawkman
82%
Manipulate Energy, Emotions, Shadows, and Time Dc Comics Presents #26 Rachel Roth Raven
81%
Flame Bending, Particle Recunstructing Firestorm the Nuclear Man #1 Ronnie Raymond Firestorm
80%
Flight, Energy Covertion, Energy Blast Dc Comics Presents #26 Princess Koriand'r Starfire
80%
Shapeshift The Doom Patrol #99 Garfield Mark Beast Boy
79%
Strength, Invulnerability, Flight, Telekinesis, Telepathy, Pyrokinesis More Fun Comics #55 Kent Nelson Doctor Fate
65%
Magic Hawkman #4 Zatanna
62%
none More Fun Comics #73 Roy Harper Arsenal
55%
Immortality, Strength, Stretching Police Comics #1 Ralph Jones Plastic Man
53%
none Batman #16 Alfred
51%
Master of the Dark Arts and of the Acult The Saga of Swamp Thing #37 John Constantine
46%
No matching quizzes found
Score Distribution
Percent of People with Each Score
Percentile by Number Answered
Your Score History
You have not taken this quiz